Horatius természetszeretete

Elmentve itt :
Bibliográfiai részletek
Szerző: Csengeri Erzsébet
További közreműködők: Hornyánszky Gyula (Témavezető)
Dokumentumtípus: Szakdolgozat
Megjelent: 1922
Tárgyszavak:
Online Access:http://diploma.bibl.u-szeged.hu/85525
LEADER 00673nta a2200169 i 4500
001 dipl85525
005 20211213084719.0
008 200423s1922 hu om 0|| zxx d
040 |a SZTE Diploma Repozitórium  |b hun 
041 |a zxx 
100 1 |a Csengeri Erzsébet 
245 1 0 |a Horatius természetszeretete  |h [elektronikus dokumentum] /  |c Erzsébet Csengeri 
260 |c 1922 
650 4 |a Bölcsészettudományok 
700 1 |a Hornyánszky Gyula  |e ths 
856 4 0 |u http://diploma.bibl.u-szeged.hu/id/eprint/85525/1/diploma_1922_csengeri_erzsebet.pdf  |z Dokumentum-elérés  
856 4 0 |u http://diploma.bibl.u-szeged.hu/id/eprint/85525/6/1922_csengeri_erzsebet_duplum.pdf  |z Dokumentum-elérés